El capitán silencio (Record no. 171878)

MARC details
000 -LEADER
campo de control de longitud fija 00643nam a22001815i 4500
001 - NÚMERO DE CONTROL
campo de control 171878
003 - IDENTIFICADOR DE NÚMERO DE CONTROL
campo de control ES-MaACL
005 - FECHA Y HORA DE LA ÚLTIMA TRANSACCIÓN
campo de control 20230906214744.0
008 - DATOS DE LONGITUD FIJA--INFORMACIÓN GENERAL
campo de control de longitud fija 090605s1914 sp |||| | spa d
100 1# - ENTRADA PRINCIPAL--NOMBRE DE PERSONA
Nombre de persona Shirley, Robert.
9 (RLIN) 140509
245 13 - MENCIÓN DEL TÍTULO
Título El capitán silencio
Resto del título : novela escrita en inglés /
Mención de responsabilidad, etc. por Robert Shirley.
260 ## - PUBLICACIÓN, DISTRIBUCIÓN, ETC.
Lugar de publicación, distribución, etc. Madrid :
Nombre del editor, distribuidor, etc. [s.n.],
Fecha de publicación, distribución, etc. 1914 (
Fabricante Imp. de "Alrededor del Mundo")
300 ## - DESCRIPCIÓN FÍSICA
Extensión 183 p. :
Otras características físicas il. ;
Dimensiones 19 cm.
490 1# - MENCIÓN DE SERIE
Mención de serie Biblioteca del "Alrededor del mundo"
830 0# - PUNTO DE ACCESO ADICIONAL DE SERIE-TÍTULO UNIFORME
Título uniforme Biblioteca del "Alrededor del mundo"
9 (RLIN) 223225
852 ## - LOCALIZACIÓN
Ubicación ES-MaACL
Número de control de estantería D-1370(2)
Nota libre .- Encuadernado en vol. facticio
Holdings
Estatus retirado Estado de pérdida Estado de daño No para préstamo Biblioteca de origen Biblioteca actual Ubicación en estantería Fecha de adquisición Fuente de adquisición Total de préstamos Signatura topográfica completa Código de barras Visto por última vez Precio de reemplazo Tipo de ítem Koha
        Biblioteca del Ateneo de Madrid Biblioteca del Ateneo de Madrid Sala Valle Inclán 05/06/2009     D-1370(2) 901180380 23/02/2023 23/02/2023 Libro impreso